000 00624nam a2200217Ii 4500
003 JO-AjNU
008 230606s9999||||xx |||||||||||||| ||und||
020 _a798-0-19-921549-2
040 _aJO-AjNU
_beng
_erda
_cJO-AjNU
041 _aeng
050 1 4 _aPN1721.M45 2007
100 3 _aMEISEL,MARTEN,
_eauthor
_91946
245 0 0 _aHow Plays Work: Reading and Performance
250 _a1 ed
264 3 1 _aNew York:OXFORD UNIVARSITY PRESS,2007
300 _a276P
336 _atext
_btxt
_2rdacontent
337 _aunmediated
_bn
_2rdamedia
338 _avolume
_bnc
_2rdacarrier
650 4 _aReading and Performance
_91947
999 _aE1023
_c1023
_d1023